=LDR 00000nam 2200000 4500 =001 INLIS000000000036977 =005 20130612142730 =008 ***********************************Ind** =035 ##$$0010-061300000036977 =041 ##$$a Ind =082 ##$$a 813 =090 ##$$a 813, Sit d =100 ##$$a Situmorang, T. Sandi =245 ##$$a Dua wajah cintasi buruk rupa, T Sandi Situmorang ; editor, Benedicta Rini W =260 ##$$a 2010 $b Yogyakarta =300 ##$$a 122 hlm, 20 cm =650 ##$$a Fiksi Indonesia =700 ##$$a Rini, W Benedicta =850 ##$$a NBPNMAT